000 00501nam a2200181 a 4500
001 000043131
005 20201002040648.0
008 140220s2006 sp 000 0 spa d
020 _a8497401891
040 _aDO-SdBNP
_bspa
_cBNPHU
100 1 _aFerrando, Ignacio
_970682
245 1 0 _aCeremonias de Interior /
_cIgnacio Ferrando.
260 _aMadrid :
_bCastalia,
_c2006.
300 _a286 p. ;
_c21 cm.
490 1 _aAlbatros
586 _aXVI premio Tiflos de cuento
830 0 _aAlbatros
_969803
999 _c42620
_d42620